000 00573nam a2200193Ia 4500
005 20250326144952.0
008 250326s9999 xx 000 0 und d
020 _a0-471-40393-8
037 _aTextbook
040 _aFMSL
_beng
_cFMSL
041 _aeng
_2eng
084 _aX8(D533) P2
_qFMSL
100 _aKiley D
_9750398
245 0 _aGetting the bugs out : rise, fall and comeback of volkswagen in America
_cKiley D
260 _aNew York
_bNew York, John Wiley
_c2002
300 _axvii,302
942 _cTB
_hX8(D533) P2
999 _c1305852
_d1305852